Léonard de Vinci, construis ses inventions en briques LEGO / (Notice n° 18903)

Détails MARC
000 -LEADER
fixed length control field 01896cam a2200421 i 4500
001 - CONTROL NUMBER
control field 0006251270
003 - CONTROL NUMBER IDENTIFIER
control field OSt
005 - DATE AND TIME OF LATEST TRANSACTION
control field 20260618200838.0
007 - PHYSICAL DESCRIPTION FIXED FIELD--GENERAL INFORMATION
fixed length control field ta
008 - FIXED-LENGTH DATA ELEMENTS--GENERAL INFORMATION
fixed length control field 191107t20192019sz ||||j 000 0 fre
020 ## - INTERNATIONAL STANDARD BOOK NUMBER
International Standard Book Number 9782889570263
Qualifying information (broch)̌
024 3# - OTHER STANDARD IDENTIFIER
Standard number or code 9782889570263
040 ## - CATALOGING SOURCE
Original cataloging agency SDM
Language of cataloging fre
Description conventions rda
Modifying agency SQTD
-- QMBND
041 1# - LANGUAGE CODE
Language code of text/sound track or separate title fre
Language code of original ita
082 #5 - DEWEY DECIMAL CLASSIFICATION NUMBER
Classification number J 688.725
Item number F827L
Edition number 23
091 0# - MICROFILM SHELF LOCATION (AM) [OBSOLETE]
Microfilm shelf location 688.725
100 1# - MAIN ENTRY--PERSONAL NAME
Personal name Frangioja, Francesco,
Dates associated with a name 1971-
Relator term auteur.
240 10 - UNIFORM TITLE
Uniform title <a href="Leonardo de Vinci, construis ses linvenzioni con i mattoncini LEGO.">Leonardo de Vinci, construis ses linvenzioni con i mattoncini LEGO.</a>
Language of a work Franȧis
245 10 - TITLE STATEMENT
Title Léonard de Vinci, construis ses inventions en briques LEGO /
Statement of responsibility, etc. Francesco Frangioja ; traduction, Chľi Rioboo.
246 30 - VARYING FORM OF TITLE
Title proper/short title Construis ses inventions en briques LEGO
264 #1 - PRODUCTION, PUBLICATION, DISTRIBUTION, MANUFACTURE, AND COPYRIGHT NOTICE
Place of production, publication, distribution, manufacture Chermignon, Suisse :
Name of producer, publisher, distributor, manufacturer Nuinui jeunesse,
Date of production, publication, distribution, manufacture, or copyright notice [2019]
264 #4 - PRODUCTION, PUBLICATION, DISTRIBUTION, MANUFACTURE, AND COPYRIGHT NOTICE
Date of production, publication, distribution, manufacture, or copyright notice ♭2019
300 ## - PHYSICAL DESCRIPTION
Extent 159 pages :
Other physical details illustrations en couleur ;
Dimensions 29 cm.
336 ## - CONTENT TYPE
Content type term texte
Content type code txt
Source rdacontent
337 ## - MEDIA TYPE
Media type term sans mďiation
Media type code n
Source rdamedia
338 ## - CARRIER TYPE
Carrier type term volume
Carrier type code nc
Source rdacarrier
500 ## - GENERAL NOTE
General note Traduction de: Leonardo da Vinci, costruisci le invenzioni con i mattoncini LEGO.
500 ## - GENERAL NOTE
General note "° l'occasion des 500 ans de la mort de Léonard de Vinci. Instructions de montage pas à pas; un code QR avec des contenus multimedia pour chaque modl̈e; les listes détaillées des pièces et des conseils pour les obtenir"--Couverture.
600 06 - SUBJECT ADDED ENTRY--PERSONAL NAME
Personal name Léonard,
Titles and other words associated with a name de Vinci,
Dates associated with a name 1452-1519
600 07 - SUBJECT ADDED ENTRY--PERSONAL NAME
Personal name Léonard,
Titles and other words associated with a name de Vinci,
Dates associated with a name 1452-1519
Source of heading or term vmj
650 #6 - SUBJECT ADDED ENTRY--TOPICAL TERM
Topical term or geographic name as entry element LEGO (Jouets)
650 #6 - SUBJECT ADDED ENTRY--TOPICAL TERM
Topical term or geographic name as entry element Inventions
General subdivision Modl̈es rďuits
650 #7 - SUBJECT ADDED ENTRY--TOPICAL TERM
Topical term or geographic name as entry element LEGO (Jouets)
Source of heading or term vmj
650 #7 - SUBJECT ADDED ENTRY--TOPICAL TERM
Topical term or geographic name as entry element Inventions
General subdivision Modl̈es rďuits
Source of heading or term vmj
700 1# - ADDED ENTRY--PERSONAL NAME
Relationship information Traduction de:
Personal name Frangioja, Francesco,
Dates associated with a name 1971-
Title of a work Leonardo da Vinci, costruisci le invenzioni con i mattoncini LEGO
942 ## - ADDED ENTRY ELEMENTS (KOHA)
Source of classification or shelving scheme Dewey Decimal Classification
Koha item type Documentaire jeunesse
Exemplaires
Withdrawn status Lost status Source of classification or shelving scheme Damaged status Not for loan Home library Current library Date acquired Total Checkouts Full call number Barcode Date last seen Date checked out Price effective from Koha item type
    Dewey Decimal Classification     Bibliothèque municipale d'Henryville Bibliothèque municipale d'Henryville 2026-06-18 1 J 688.725 30001030039236 2026-06-27 2026-06-25 2026-06-18 Documentaire jeunesse